[Event "18. Open de Sants Hostafrancs 2016"]
[Site "Barcelona ESP"]
[Date "2016.08.21"]
[Round "3.40"]
[White "Ootes, Lars"]
[Black "Martorell Aguado, Joan"]
[Result "0-1"]
[WhiteElo "2422"]
[BlackElo "2206"]
[PlyCount "146"]
[EventDate "2016.08.19"]
[EventType "swiss"]
[EventRounds "10"]
[EventCountry "ESP"]
[SourceTitle "Ajedrez en Madrid"]
[Source "lmi"]
[SourceDate "2016.08.19"]

1. e4 c5 2. Nf3 d6 3. d4 cxd4 4. Nxd4 Nf6 5. Nc3 Nc6 6. Bg5 e6 7. Qd2 a6 8.
Nxc6 bxc6 9. O-O-O Be7 10. Bxf6 gxf6 11. Bc4 Bb7 12. Bb3 Qc7 13. Rhe1 O-O-O 14.
f4 d5 15. exd5 cxd5 16. Qf2 Bc5 17. Qh4 f5 18. Kb1 d4 19. Na4 Be7 20. Qf2 Bf6
21. g3 h5 22. Qd2 h4 23. Qb4 Be7 24. Qc4 Qxc4 25. Nb6+ Kc7 26. Nxc4 hxg3 27.
hxg3 Bf6 28. Nd2 Rdg8 29. Nf1 Rh1 30. Bc4 Bf3 31. Rc1 a5 32. a4 Kd6 33. c3 dxc3
34. bxc3 Rc8 35. Be2 Be4+ 36. Kb2 Rg1 37. Bb5 Rg2+ 38. Re2 Rxe2+ 39. Bxe2 Bc6
40. Ne3 Bxa4 41. Nc4+ Ke7 42. Nxa5 Rg8 43. Ra1 Bd7 44. Rg1 Bh4 45. g4 fxg4 46.
Rxg4 Rxg4 47. Bxg4 f5 48. Bf3 Bg3 49. Nc6+ Bxc6 50. Bxc6 Bxf4 51. Kc2 e5 52.
Kd3 Bc1 53. c4 Ba3 54. Ke3 Bc1+ 55. Kd3 Kf6 56. Bb7 Kg5 57. c5 Ba3 58. c6 Bd6
59. Ke3 Bc7 60. Kf3 e4+ 61. Ke3 Bb6+ 62. Ke2 Kf4 63. Bc8 Ke5 64. Bd7 f4 65. Bg4
Kf6 66. Bh3 f3+ 67. Kd1 Ke5 68. Bc8 Kf4 69. Ke1 Ba5+ 70. Kf1 e3 71. Ba6 Ke4 72.
Bb5 Kd4 73. Ba6 Kc3 0-1

[Event "18. Open de Sants Hostafrancs 2016"]
[Site "Barcelona ESP"]
[Date "2016.08.21"]
[Round "3.41"]
[White "Canal Oliveras, Joan"]
[Black "Valdes Romero, Leonardo"]
[Result "0-1"]
[WhiteElo "2204"]
[BlackElo "2386"]
[PlyCount "206"]
[EventDate "2016.08.19"]
[EventType "swiss"]
[EventRounds "10"]
[EventCountry "ESP"]
[SourceTitle "Ajedrez en Madrid"]
[Source "lmi"]
[SourceDate "2016.08.19"]

1. e4 d6 2. d4 Nf6 3. Nc3 g6 4. Be3 c6 5. Qd2 b5 6. Bd3 Bg7 7. Nf3 O-O 8. Bh6
Nbd7 9. O-O e5 10. Bxg7 Kxg7 11. a4 b4 12. Ne2 a5 13. Ng3 h6 14. c3 c5 15. Bb5
Ba6 16. Rfd1 Bxb5 17. axb5 cxd4 18. cxd4 Qb6 19. dxe5 Nxe5 20. Qxd6 Nxf3+ 21.
gxf3 Qxb5 22. e5 Nh7 23. Rd5 Qc4 24. Rdxa5 Rxa5 25. Rxa5 Qc1+ 26. Kg2 Qxb2 27.
Rb5 b3 28. Qd5 Re8 29. Rb7 Ng5 30. Rxb3 Rxe5 31. Rxb2 Rxd5 32. f4 Ne6 33. Rb4
f5 34. Nf1 Rc5 35. Ne3 Kf7 36. Kf3 Rc3 37. Kg2 Rc5 38. Kf3 Rc7 39. Nc4 Kf6 40.
Ne3 Kf7 41. Nc4 Kg7 42. Ne3 Ra7 43. Rc4 Ra2 44. Rb4 Nc5 45. Rd4 Ne4 46. Nd1 Kf7
47. Rd3 Ke6 48. Rd4 g5 49. fxg5 hxg5 50. h3 Ra3+ 51. Ne3 Rb3 52. Kg2 Rb2 53.
Nd1 Ra2 54. Kf3 Ke5 55. Rd8 Kf6 56. Rd3 Ke6 57. Rd4 Rc2 58. Rd3 Ra2 59. Rd4 Nd6
60. Ne3 Nf7 61. Kg2 Ne5 62. Rd8 Ng6 63. Rd1 Nh4+ 64. Kf1 Ra3 65. Rb1 Ra2 66.
Re1 Kf7 67. Ng2 Nf3 68. Rc1 Ra3 69. Rc7+ Kf6 70. Ne3 Nh4 71. Rd7 Ra1+ 72. Rd1
Ra2 73. Rb1 Ke5 74. Rb4 Ra1+ 75. Ke2 Ra2+ 76. Kf1 f4 77. Ng4+ Kf5 78. Rb5+ Kg6
79. Rb6+ Kf7 80. Ne5+ Kg7 81. Rb3 Ra1+ 82. Ke2 Ra2+ 83. Ke1 Kh7 84. Nf3 Nxf3+
85. Rxf3 Ra1+ 86. Ke2 Rh1 87. Ra3 Kh6 88. Ra6+ Kh5 89. Kf3 Rxh3+ 90. Ke4 Kg4
91. Rg6 Ra3 92. f3+ Kh4 93. Kf5 Ra5+ 94. Ke4 Kg3 95. Rg8 Kf2 96. Rb8 Ra4+ 97.
Kf5 Kxf3 98. Kxg5 Kg3 99. Kf5 f3 100. Rg8+ Kh2 101. Rh8+ Kg2 102. Rg8+ Kf1 103.
Rb8 f2 0-1

[Event "18. Open de Sants Hostafrancs 2016"]
[Site "Barcelona ESP"]
[Date "2016.08.21"]
[Round "3.42"]
[White "Gemy, Jose Daniel"]
[Black "Gonzalez Valero, Julio"]
[Result "1/2-1/2"]
[WhiteElo "2384"]
[BlackElo "2200"]
[PlyCount "39"]
[EventDate "2016.08.19"]
[EventType "swiss"]
[EventRounds "10"]
[EventCountry "ESP"]
[SourceTitle "Ajedrez en Madrid"]
[Source "lmi"]
[SourceDate "2016.08.19"]

1. d4 d5 2. c4 c6 3. Nf3 Nf6 4. Nc3 dxc4 5. a4 Na6 6. e4 Bg4 7. e5 Nd5 8. Bxc4
e6 9. O-O Nab4 10. Be2 Be7 11. Ne4 Bf5 12. Ng3 Bc2 13. Qd2 Bg6 14. Ra3 O-O 15.
h4 Bxh4 16. Nxh4 Qxh4 17. f4 f6 18. Bc4 fxe5 19. dxe5 Qe7 20. Qf2 1/2-1/2

[Event "18. Open de Sants Hostafrancs 2016"]
[Site "Barcelona ESP"]
[Date "2016.08.21"]
[Round "3.43"]
[White "Jakubowska, Anna"]
[Black "Hansen, Mads"]
[Result "0-1"]
[WhiteElo "2198"]
[BlackElo "2344"]
[PlyCount "60"]
[EventDate "2016.08.19"]
[EventType "swiss"]
[EventRounds "10"]
[EventCountry "ESP"]
[SourceTitle "Ajedrez en Madrid"]
[Source "lmi"]
[SourceDate "2016.08.19"]

1. e4 e5 2. Nc3 Nf6 3. g3 d5 4. exd5 Nxd5 5. Bg2 Nxc3 6. bxc3 Nc6 7. Ne2 Bc5 8.
O-O O-O 9. d3 Re8 10. Rb1 Bb6 11. Be3 Ne7 12. Bd2 c6 13. Kh1 Be6 14. c4 Qd7 15.
Nc3 Rad8 16. Be3 Bg4 17. Bf3 Bxf3+ 18. Qxf3 Bd4 19. Ne4 f5 20. Nc5 Bxc5 21.
Bxc5 e4 22. dxe4 fxe4 23. Qxe4 Ng6 24. Qf3 Ne5 25. Qh5 g6 26. Qh4 b6 27. Bb4 c5
28. Bc3 Qb7+ 29. f3 Nxf3 30. Qh3 Re2 0-1

[Event "18. Open de Sants Hostafrancs 2016"]
[Site "Barcelona ESP"]
[Date "2016.08.21"]
[Round "3.44"]
[White "Hernando Rodrigo, Julio Antoni"]
[Black "Franco Valencia, Beatriz Irene"]
[Result "1/2-1/2"]
[WhiteElo "2318"]
[BlackElo "2192"]
[PlyCount "150"]
[EventDate "2016.08.19"]
[EventType "swiss"]
[EventRounds "10"]
[EventCountry "ESP"]
[SourceTitle "Ajedrez en Madrid"]
[Source "lmi"]
[SourceDate "2016.08.19"]

1. d4 d6 2. Nf3 Nd7 3. g3 Ngf6 4. Bg2 e5 5. O-O Be7 6. c4 O-O 7. Nc3 c6 8. Qc2
Qc7 9. h3 Re8 10. d5 cxd5 11. Ng5 d4 12. Bd5 Rf8 13. Nb5 Qb6 14. a4 a5 15. e3
d3 16. Qxd3 Nc5 17. Qc2 h6 18. Nxf7 Rxf7 19. Bxf7+ Kxf7 20. Kh2 Qc6 21. f3 Be6
22. e4 Kg8 23. b3 Rf8 24. Bd2 b6 25. Rad1 Qd7 26. g4 Ne8 27. f4 Qc6 28. fxe5
Rxf1 29. Rxf1 Qxe4 30. Qxe4 Nxe4 31. Be3 dxe5 32. Bxb6 Nd2 33. Rc1 Nxb3 34. Rc3
Nc5 35. Re3 Nxa4 36. Rxe5 Kf7 37. Bxa5 Nd6 38. Nd4 Bxc4 39. Bb4 Nc8 40. Bxe7
Nxe7 41. Nf5 Nxf5 42. Rxf5+ Ke6 43. Ra5 Nb6 44. Kg3 Nd7 45. Kf4 g5+ 46. Kg3 Nf6
47. Ra8 Ke5 48. Rh8 Ng8 49. Rh7 Kf6 50. Rc7 Be6 51. Rc1 Kg6 52. Rc6 Kf7 53. Ra6
Nf6 54. Ra7+ Nd7 55. Ra8 Kg6 56. Ra6 Kf6 57. Ra8 Ne5 58. Rf8+ Bf7 59. Rh8 Kg7
60. Ra8 Ng6 61. Ra6 Nf4 62. Ra7 Nd5 63. Kf3 Nf6 64. Kg3 Kg6 65. Ra6 Bc4 66. Rb6
Bf1 67. Rc6 Be2 68. Rb6 h5 69. Kf2 Bd1 70. Rd6 hxg4 71. Rxd1 gxh3 72. Kg3 Ne4+
73. Kf3 Nf6 74. Kg3 Ne4+ 75. Kf3 Nf6 1/2-1/2

[Event "18. Open de Sants Hostafrancs 2016"]
[Site "Barcelona ESP"]
[Date "2016.08.21"]
[Round "3.45"]
[White "Movsziszian, Karen"]
[Black "Kropff, Ricardo"]
[Result "1-0"]
[WhiteElo "2495"]
[BlackElo "2169"]
[PlyCount "47"]
[EventDate "2016.08.19"]
[EventType "swiss"]
[EventRounds "10"]
[EventCountry "ESP"]
[SourceTitle "Ajedrez en Madrid"]
[Source "lmi"]
[SourceDate "2016.08.19"]

1. g3 c5 2. Bg2 Nc6 3. d3 g6 4. f4 Bg7 5. Nf3 d6 6. O-O e5 7. fxe5 Nxe5 8. Nxe5
dxe5 9. Be3 Qc7 10. Nc3 Rb8 11. Nd5 Qd6 12. c4 Bd7 13. b4 b6 14. bxc5 bxc5 15.
Qd2 Ne7 16. Qa5 Rc8 17. Nxe7 Qxe7 18. Bb7 Qd8 19. Qxd8+ Rxd8 20. Bxc5 f5 21.
Bxa7 Be6 22. a4 e4 23. Ra3 Kf7 24. Bxe4 1-0

[Event "18. Open de Sants Hostafrancs 2016"]
[Site "Barcelona ESP"]
[Date "2016.08.21"]
[Round "3.46"]
[White "Perez Nunez, Saul"]
[Black "Schroeder, Jan-christian"]
[Result "0-1"]
[WhiteElo "2141"]
[BlackElo "2523"]
[PlyCount "26"]
[EventDate "2016.08.19"]
[EventType "swiss"]
[EventRounds "10"]
[EventCountry "ESP"]
[SourceTitle "Ajedrez en Madrid"]
[Source "lmi"]
[SourceDate "2016.08.19"]

1. e4 e5 2. Nf3 Nc6 3. Bb5 a6 4. Ba4 Nf6 5. Qe2 b5 6. Bb3 Bc5 7. O-O O-O 8. c3
d6 9. Rd1 Bb6 10. d3 Be6 11. Bc2 Re8 12. a4 b4 13. Bg5 b3 0-1

[Event "18. Open de Sants Hostafrancs 2016"]
[Site "Barcelona ESP"]
[Date "2016.08.21"]
[Round "3.47"]
[White "Lillo Ferrer, Jose Maria M"]
[Black "Arenas, David"]
[Result "0-1"]
[WhiteElo "2132"]
[BlackElo "2490"]
[PlyCount "122"]
[EventDate "2016.08.19"]
[EventType "swiss"]
[EventRounds "10"]
[EventCountry "ESP"]
[SourceTitle "Ajedrez en Madrid"]
[Source "lmi"]
[SourceDate "2016.08.19"]

1. e4 c5 2. Nf3 d6 3. d4 Nf6 4. Nc3 cxd4 5. Nxd4 g6 6. Be3 Bg7 7. f3 O-O 8. Qd2
Nc6 9. O-O-O d5 10. Qe1 e5 11. Nxc6 bxc6 12. exd5 Nxd5 13. Bc4 Be6 14. Ne4 Qc7
15. Bc5 Rfd8 16. Qh4 h6 17. g4 a5 18. a4 Rab8 19. b3 Rd7 20. g5 h5 21. Qf2 Kh8
22. h4 Bf5 23. Rd2 Rbd8 24. Rhd1 Qb8 25. Kb2 Kg8 26. Ka1 Qb7 27. Ba3 Qc7 28.
Bc5 Be6 29. Kb2 Qb8 30. Ka3 Bf5 31. Rd3 Kh8 32. Kb2 Qb7 33. Kc1 Kg8 34. R1d2
Kh7 35. Qg1 Be6 36. Qf2 Bf5 37. Qg1 Kg8 38. Qf2 Kh8 39. Qg1 Qb8 40. Qf2 Qb7 41.
Qg1 Kh7 42. Qf2 f6 43. Rd1 Bxe4 44. fxe4 Nf4 45. Rxd7 Rxd7 46. Rxd7 Qxd7 47.
Bb6 fxg5 48. hxg5 Nh3 49. Qc5 Nxg5 50. Qxa5 Nxe4 51. Qe1 Bh6+ 52. Kb2 Nd2 53.
a5 Nxc4+ 54. bxc4 Qc8 55. Kb3 Bf4 56. Qh4 Kh6 57. Qe7 Qh3+ 58. c3 Qc8 59. Bd8
Qf5 60. c5 Bc1 61. Qf6 Qb1+ 0-1

[Event "18. Open de Sants Hostafrancs 2016"]
[Site "Barcelona ESP"]
[Date "2016.08.21"]
[Round "3.48"]
[White "Paquico Rodriguez, Ivan"]
[Black "Cruz, Jonathan"]
[Result "0-1"]
[WhiteElo "2130"]
[BlackElo "2433"]
[PlyCount "106"]
[EventDate "2016.08.19"]
[EventType "swiss"]
[EventRounds "10"]
[EventCountry "ESP"]
[SourceTitle "Ajedrez en Madrid"]
[Source "lmi"]
[SourceDate "2016.08.19"]

1. d4 Nf6 2. c4 e6 3. Nc3 Bb4 4. e3 O-O 5. Nge2 c6 6. a3 Ba5 7. b4 Bc7 8. d5
cxd5 9. cxd5 Be5 10. f4 Bc7 11. d6 Bb6 12. g3 e5 13. fxe5 Ng4 14. Nd5 Qg5 15.
Nxb6 axb6 16. Nd4 Nc6 17. h4 Qh5 18. Nxc6 dxc6 19. Bb2 Qf5 20. Qd2 Qf3 21. Rg1
Nxe3 22. Be2 Ng2+ 23. Kd1 Qf2 24. Bd4 Qxg3 25. Qc3 Qxc3 26. Bxc3 Nf4 27. Bc4
Be6 28. Bxe6 fxe6 29. Bd2 Ng6 30. Kc2 Nxh4 31. Rg4 Nf3 32. Bc3 g5 33. Rh1 Kg7
34. Bd2 h6 35. Be3 Kg6 36. Bxb6 Nxe5 37. Re4 Nd7 38. Bc5 e5 39. Re3 b6 40. b5
Nxc5 41. bxc6 Rac8 42. c7 Rf6 43. Reh3 Kg7 44. Rd1 Nb7 45. Rhd3 e4 46. Rd4 Nxd6
47. Rxd6 Rxc7+ 48. Kb3 Rxd6 49. Rxd6 g4 50. Re6 g3 51. Rxe4 Kf6 52. Rg4 Rg7 53.
Rf4+ Ke5 0-1

[Event "18. Open de Sants Hostafrancs 2016"]
[Site "Barcelona ESP"]
[Date "2016.08.21"]
[Round "3.50"]
[White "Kvetny, Mark"]
[Black "Jimenez Ruano, Adrian"]
[Result "1-0"]
[WhiteElo "2379"]
[BlackElo "2133"]
[PlyCount "60"]
[EventDate "2016.08.19"]
[EventType "swiss"]
[EventRounds "10"]
[EventCountry "ESP"]
[SourceTitle "Ajedrez en Madrid"]
[Source "lmi"]
[SourceDate "2016.08.19"]

1. d4 Nf6 2. c4 e6 3. Nc3 Bb4 4. e3 O-O 5. Bd3 d5 6. Nf3 c5 7. O-O cxd4 8. exd4
dxc4 9. Bxc4 b6 10. Bg5 Bb7 11. Ne5 Bxc3 12. bxc3 Qc7 13. Qe2 Nbd7 14. Nxd7
Nxd7 15. Rac1 Rfe8 16. Bd3 a6 17. c4 e5 18. d5 e4 19. Bb1 Qe5 20. Qd2 f5 21.
Be3 Rf8 22. Bd4 Qd6 23. f3 Rae8 24. Rce1 b5 25. fxe4 bxc4 26. Qb2 Rb8 27. Ba7
c3 28. Qxc3 fxe4 29. Bxe4 Nf6 30. Qd4 Bxd5 1-0

[Event "18. Open de Sants Hostafrancs 2016"]
[Site "Barcelona ESP"]
[Date "2016.08.21"]
[Round "3.51"]
[White "Mihajlov, Sebastian"]
[Black "Peer, Kobi"]
[Result "1-0"]
[WhiteElo "2356"]
[BlackElo "2129"]
[PlyCount "73"]
[EventDate "2016.08.19"]
[EventType "swiss"]
[EventRounds "10"]
[EventCountry "ESP"]
[SourceTitle "Ajedrez en Madrid"]
[Source "lmi"]
[SourceDate "2016.08.19"]

1. d4 Nf6 2. c4 g6 3. Nc3 d5 4. Nf3 Bg7 5. Qb3 c6 6. cxd5 Nxd5 7. e4 Nxc3 8.
bxc3 O-O 9. Bg5 Qc7 10. Be2 c5 11. d5 Bg4 12. O-O h6 13. Bh4 Bxf3 14. Bxf3 Be5
15. Kh1 b6 16. Bg4 g5 17. Bg3 Bf4 18. Rae1 h5 19. Bxf4 Qxf4 20. Bxh5 Nd7 21. g3
Qf6 22. f4 Qh6 23. Bd1 Kg7 24. fxg5 Qh3 25. c4 Rh8 26. Qb2+ f6 27. d6 exd6 28.
gxf6+ Kf7 29. e5 Nxe5 30. Bf3 Rae8 31. Bd5+ Kf8 32. Kg1 b5 33. cxb5 c4 34. Re2
Qh5 35. Qa3 Rd8 36. Qxa7 Nd7 37. Re7 1-0

[Event "18. Open de Sants Hostafrancs 2016"]
[Site "Barcelona ESP"]
[Date "2016.08.21"]
[Round "3.52"]
[White "Lorenzo De La Riva, Lazaro"]
[Black "Castaner Harster, Xavier"]
[Result "1/2-1/2"]
[WhiteElo "2355"]
[BlackElo "2128"]
[PlyCount "90"]
[EventDate "2016.08.19"]
[EventType "swiss"]
[EventRounds "10"]
[EventCountry "ESP"]
[SourceTitle "Ajedrez en Madrid"]
[Source "lmi"]
[SourceDate "2016.08.19"]

1. e4 e5 2. Nf3 Nc6 3. Bb5 a6 4. Ba4 d6 5. c3 Bd7 6. d4 g6 7. d5 Nb8 8. c4 Nf6
9. Nc3 Bg7 10. Bg5 O-O 11. Bxd7 Nbxd7 12. Nd2 Qe8 13. g4 b6 14. f3 Nc5 15. Qe2
Nfd7 16. b4 Nb7 17. a3 f5 18. h3 Bf6 19. Bxf6 Nxf6 20. Qd3 fxg4 21. hxg4 a5 22.
Nb3 axb4 23. axb4 Rxa1+ 24. Nxa1 Nd8 25. Nc2 Nf7 26. Qe3 Qe7 27. Rg1 h6 28. Rh1
Kg7 29. Kd2 Ng5 30. Ne1 Qf7 31. Kc2 Ng8 32. Kb2 Qf4 33. Qxf4 Rxf4 34. Nb5 Rf7
35. c5 bxc5 36. bxc5 dxc5 37. Nd3 Rxf3 38. Nxc5 Nf6 39. Nxc7 Nfxe4 40. N5e6+
Nxe6 41. Nxe6+ Kf6 42. Rxh6 Rd3 43. Nc7 Kg5 44. Rh1 Kxg4 45. Re1 Rd4 1/2-1/2

[Event "18. Open de Sants Hostafrancs 2016"]
[Site "Barcelona ESP"]
[Date "2016.08.21"]
[Round "3.54"]
[White "Alanic, Xavier"]
[Black "Carraro, Denise"]
[Result "1-0"]
[WhiteElo "2289"]
[BlackElo "2120"]
[PlyCount "63"]
[EventDate "2016.08.19"]
[EventType "swiss"]
[EventRounds "10"]
[EventCountry "ESP"]
[SourceTitle "Ajedrez en Madrid"]
[Source "lmi"]
[SourceDate "2016.08.19"]

1. e4 e6 2. Qe2 c5 3. Nf3 Nc6 4. d3 g6 5. c3 Bg7 6. g3 Nge7 7. Bg2 O-O 8. O-O
b5 9. e5 Bb7 10. a4 b4 11. Nbd2 bxc3 12. bxc3 d6 13. exd6 Nd5 14. Ne4 Nxc3 15.
Nxc3 Bxc3 16. Rb1 Rb8 17. Bf4 Nd4 18. Nxd4 Bxg2 19. Kxg2 Bxd4 20. Qe4 Qd7 21.
a5 f6 22. h4 Kg7 23. a6 e5 24. Be3 Qxd6 25. Rb7+ Rxb7 26. axb7 Qb6 27. Qd5 Rf7
28. Bh6+ Kxh6 29. Qxf7 Qd8 30. Rb1 Qb8 31. Qxf6 a5 32. Qc6 1-0

[Event "18. Open de Sants Hostafrancs 2016"]
[Site "Barcelona ESP"]
[Date "2016.08.21"]
[Round "3.55"]
[White "Martin Perez, Laura"]
[Black "Iglesias, Joachim"]
[Result "0-1"]
[WhiteElo "2113"]
[BlackElo "2286"]
[PlyCount "72"]
[EventDate "2016.08.19"]
[EventType "swiss"]
[EventRounds "10"]
[EventCountry "ESP"]
[SourceTitle "Ajedrez en Madrid"]
[Source "lmi"]
[SourceDate "2016.08.19"]

1. e4 d6 2. d4 Nf6 3. Nc3 e5 4. Nf3 Nbd7 5. Bc4 Be7 6. O-O O-O 7. Re1 c6 8. a4
a5 9. Bf1 exd4 10. Nxd4 Nc5 11. Qf3 Qb6 12. Nf5 Bxf5 13. Qxf5 Rfe8 14. g3 Nfd7
15. Bg2 g6 16. Qf4 Ne5 17. b3 Ne6 18. Qe3 Nd4 19. Rd1 Bf6 20. h3 Qc5 21. Bb2
Nxc2 22. Qxc5 dxc5 23. f4 Nxa1 24. Bxa1 Rad8 25. fxe5 Bxe5 26. Bb2 Bxc3 27.
Rxd8 Rxd8 28. Bxc3 Rd3 29. Bxa5 Rxb3 30. Bf1 Rxg3+ 31. Kf2 Ra3 32. Bb6 Rxa4 33.
Bxc5 Rxe4 34. Bg2 Ra4 35. Bf3 f5 36. Kg3 g5 0-1

[Event "18. Open de Sants Hostafrancs 2016"]
[Site "Barcelona ESP"]
[Date "2016.08.21"]
[Round "3.56"]
[White "Keller, Peter"]
[Black "Ventura Bolet, Alexandre"]
[Result "1-0"]
[WhiteElo "2286"]
[BlackElo "2109"]
[PlyCount "75"]
[EventDate "2016.08.19"]
[EventType "swiss"]
[EventRounds "10"]
[EventCountry "ESP"]
[SourceTitle "Ajedrez en Madrid"]
[Source "lmi"]
[SourceDate "2016.08.19"]

1. e4 d5 2. exd5 Qxd5 3. Nc3 Qd6 4. d4 Nf6 5. Nf3 c6 6. h3 Bf5 7. Bd3 Bxd3 8.
Qxd3 Nbd7 9. O-O e6 10. Ne2 Qc7 11. c4 O-O-O 12. Ng5 Nb8 13. Bf4 Qd7 14. Qc2 h6
15. Nf3 Bd6 16. Ne5 Qe7 17. Qa4 Na6 18. Nxc6 bxc6 19. Bxd6 Qxd6 20. Qxa6+ Kb8
21. b4 Ka8 22. Rab1 Rb8 23. Qa3 Rhc8 24. Rb2 Rb7 25. Rfb1 Ne4 26. Qe3 f5 27.
Nc3 Nxc3 28. Qxc3 Rd7 29. Rd2 e5 30. Rbd1 e4 31. d5 c5 32. bxc5 Rxc5 33. Rb2
Rc8 34. Rdb1 a6 35. Rb6 Qc5 36. Qe5 Qxc4 37. Rc6 Rb7 38. Rxb7 1-0

[Event "18. Open de Sants Hostafrancs 2016"]
[Site "Barcelona ESP"]
[Date "2016.08.21"]
[Round "3.57"]
[White "Flick, Antoine"]
[Black "Smith, Matthieu"]
[Result "1-0"]
[WhiteElo "2282"]
[BlackElo "2108"]
[PlyCount "43"]
[EventDate "2016.08.19"]
[EventType "swiss"]
[EventRounds "10"]
[EventCountry "ESP"]
[SourceTitle "Ajedrez en Madrid"]
[Source "lmi"]
[SourceDate "2016.08.19"]

1. d4 Nf6 2. Nf3 e6 3. c4 b6 4. g3 Ba6 5. Nbd2 Bb7 6. Bg2 Be7 7. O-O O-O 8. Re1
d5 9. b3 c5 10. Bb2 cxd4 11. Nxd4 Nc6 12. Rc1 Rc8 13. e3 Nxd4 14. Bxd4 Ba6 15.
cxd5 Rxc1 16. Qxc1 Nxd5 17. Nc4 f6 18. Rd1 Qc8 19. Bb2 Bb7 20. a3 Rd8 21. h4
Nc7 22. Rxd8+ 1-0

[Event "18. Open de Sants Hostafrancs 2016"]
[Site "Barcelona ESP"]
[Date "2016.08.21"]
[Round "3.58"]
[White "Villar Reymundo, Juan Antonio"]
[Black "Saravanan, V."]
[Result "0-1"]
[WhiteElo "2102"]
[BlackElo "2281"]
[PlyCount "80"]
[EventDate "2016.08.19"]
[EventType "swiss"]
[EventRounds "10"]
[EventCountry "ESP"]
[SourceTitle "Ajedrez en Madrid"]
[Source "lmi"]
[SourceDate "2016.08.19"]

1. d4 Nf6 2. c4 g6 3. f3 Bg7 4. e4 d6 5. Nc3 O-O 6. Bg5 c5 7. d5 e6 8. Qd2 exd5
9. cxd5 a6 10. a4 Re8 11. Nge2 Nbd7 12. Nc1 h6 13. Be3 h5 14. Be2 Nh7 15. Nd3
Ne5 16. Nf2 Bd7 17. O-O f5 18. f4 Ng4 19. Nxg4 hxg4 20. e5 dxe5 21. fxe5 Bxe5
22. Bc4 Kg7 23. g3 Bf6 24. Rfe1 Ng5 25. Bxg5 Bxg5 26. Qd3 Qf6 27. Kg2 Re5 28.
Rxe5 Qxe5 29. Qe2 Qf6 30. Re1 Re8 31. Qd1 Rxe1 32. Qxe1 Qd4 33. Qe2 Bf6 34. Qd3
Qxd3 35. Bxd3 Bxc3 36. bxc3 Bxa4 37. c4 Kf6 38. Kf2 Ke5 39. Ke3 Bd7 40. Bf1 b5
0-1

[Event "18. Open de Sants Hostafrancs 2016"]
[Site "Barcelona ESP"]
[Date "2016.08.21"]
[Round "3.59"]
[White "Hernandez, Ivan"]
[Black "Garcia Acosta, Roger"]
[Result "0-1"]
[WhiteElo "2279"]
[BlackElo "2104"]
[PlyCount "116"]
[EventDate "2016.08.19"]
[EventType "swiss"]
[EventRounds "10"]
[EventCountry "ESP"]
[SourceTitle "Ajedrez en Madrid"]
[Source "lmi"]
[SourceDate "2016.08.19"]

1. Nf3 d5 2. g3 Nf6 3. Bg2 c5 4. O-O Nc6 5. d4 e6 6. c4 dxc4 7. Qa4 Bd7 8. Qxc4
Qb6 9. dxc5 Qxc5 10. Nbd2 Rc8 11. b3 b5 12. Qxc5 Bxc5 13. Bb2 Ke7 14. Rac1 Bb4
15. Rfd1 Rhd8 16. a3 Ba5 17. e3 Be8 18. Kf1 Bb6 19. Ke2 g6 20. h3 a6 21. g4 h6
22. Ne1 Nd5 23. Nd3 a5 24. Ne4 f6 25. Nec5 b4 26. a4 Kf7 27. Rc4 Nb8 28. Nb7
Rxc4 29. Nxd8+ Bxd8 30. bxc4 Nb6 31. Nc5 Be7 32. Nb7 Nxc4 33. Bd4 Bxa4 34. Ra1
Bb5 35. Ke1 b3 36. Bc5 b2 37. Rb1 a4 38. Bf1 a3 39. Bxa3 Bxa3 40. Bd3 Nc6 41.
Rxb2 Bxb2 42. Bxc4 Bc3+ 43. Kd1 Bxc4 44. Nd6+ Ke7 45. Nxc4 e5 46. Kc2 Bb4 47.
Kd3 f5 48. f3 Ke6 49. Nb6 Bc5 50. Na4 Ba7 51. Nc3 Nb4+ 52. Ke2 Nd5 53. gxf5+
gxf5 54. Nd1 Kf6 55. h4 Kg6 56. e4 Nf4+ 57. Kf1 fxe4 58. fxe4 Bd4 0-1

[Event "18. Open de Sants Hostafrancs 2016"]
[Site "Barcelona ESP"]
[Date "2016.08.21"]
[Round "3.61"]
[White "Peer, Michael"]
[Black "Buchenau, Frank"]
[Result "0-1"]
[WhiteElo "2099"]
[BlackElo "2268"]
[PlyCount "64"]
[EventDate "2016.08.19"]
[EventType "swiss"]
[EventRounds "10"]
[EventCountry "ESP"]
[SourceTitle "Ajedrez en Madrid"]
[Source "lmi"]
[SourceDate "2016.08.19"]

1. e4 e6 2. d4 d5 3. exd5 exd5 4. Nf3 Bd6 5. h3 Bf5 6. Bd3 Qd7 7. Nc3 Ne7 8.
Nb5 Nbc6 9. Nxd6+ Qxd6 10. c3 O-O-O 11. O-O Bxd3 12. Qxd3 f6 13. b4 g5 14. a4
Qd7 15. a5 Qf5 16. Qxf5+ Nxf5 17. b5 Nce7 18. Ba3 Ng6 19. Rfe1 Kd7 20. Nd2 Rhe8
21. Nb3 b6 22. g3 h5 23. axb6 axb6 24. Nd2 Rxe1+ 25. Rxe1 Ra8 26. Bb4 Ra2 27.
Nf1 h4 28. Ne3 hxg3 29. fxg3 Nxg3 30. Nxd5 Nh4 31. Nxf6+ Kc8 32. Re8+ Kb7 0-1

[Event "18. Open de Sants Hostafrancs 2016"]
[Site "Barcelona ESP"]
[Date "2016.08.21"]
[Round "3.62"]
[White "Guerrero Sanmarti, Richard"]
[Black "Fernandez Madrid, Carlos"]
[Result "0-1"]
[WhiteElo "2255"]
[BlackElo "2096"]
[PlyCount "92"]
[EventDate "2016.08.19"]
[EventType "swiss"]
[EventRounds "10"]
[EventCountry "ESP"]
[SourceTitle "Ajedrez en Madrid"]
[Source "lmi"]
[SourceDate "2016.08.19"]

1. e4 Nf6 2. Nc3 d6 3. d4 g6 4. Be2 Bg7 5. g4 c6 6. g5 Nfd7 7. h4 c5 8. d5 a6
9. h5 b5 10. f4 b4 11. Nb1 Nb6 12. h6 Bf8 13. c4 e6 14. Nf3 Be7 15. b3 a5 16.
Bb2 O-O 17. Bg7 Re8 18. O-O exd5 19. cxd5 Ba6 20. Bxa6 Rxa6 21. Nh2 a4 22. Nd2
axb3 23. axb3 Rxa1 24. Qxa1 N8d7 25. Ndf3 Qc8 26. Qb2 Qa6 27. Qc2 c4 28. Nd4
cxb3 29. Qxb3 Qc4 30. Qf3 Bf8 31. Nc6 Bxg7 32. hxg7 Qxe4 33. Qg4 Qxd5 34. f5
Qxc6 35. f6 Ne5 36. Qh4 b3 37. Qd4 Qc5 38. Qxc5 dxc5 39. Kh1 b2 40. Re1 Ra8 41.
Kg2 c4 42. Rxe5 b1=Q 43. Ng4 h5 44. Nh6+ Kh7 45. g8=Q+ Rxg8 46. Re7 Qa2+ 0-1

[Event "18. Open de Sants Hostafrancs 2016"]
[Site "Barcelona ESP"]
[Date "2016.08.21"]
[Round "3.63"]
[White "Munoz Avila, Jose Luis"]
[Black "Jaksland, Tim"]
[Result "1/2-1/2"]
[WhiteElo "2096"]
[BlackElo "2253"]
[PlyCount "61"]
[EventDate "2016.08.19"]
[EventType "swiss"]
[EventRounds "10"]
[EventCountry "ESP"]
[SourceTitle "Ajedrez en Madrid"]
[Source "lmi"]
[SourceDate "2016.08.19"]

1. Nf3 Nf6 2. c4 g6 3. Nc3 c5 4. d4 cxd4 5. Nxd4 Nc6 6. e4 Bg7 7. Be3 Ng4 8.
Qxg4 Nxd4 9. Qd1 Ne6 10. Rc1 Qa5 11. Qd2 b6 12. Be2 Bb7 13. f3 g5 14. O-O h5
15. Rfd1 d6 16. a3 h4 17. b4 Qxa3 18. Nb5 Qb2 19. Rc2 Qe5 20. c5 O-O 21. cxb6
axb6 22. Nc7 Nxc7 23. Rxc7 Ba6 24. b5 Bxb5 25. Bxb5 Qxb5 26. Rxe7 Qb3 27. Qd3
Qb2 28. Qd2 Qb3 29. Qd3 Qb2 30. Qd2 Qb3 31. Qd3 1/2-1/2